Conditio feminae. Imágenes de la realidad femenina en el mundo romano.

Saved in:
Bibliographic Details
Main Author: Pavón, Pilar (autora)
Format: Book
Published: Roma, Italia: Edizioni Quasar, 2021.
Subjects:
Tags: Add Tag
No Tags, Be the first to tag this record!

MARC

LEADER 00000nam a22000007a 4500
003 CL-VaPUC
005 20220825120206.0
008 220819t2021 ||||| |||| 00| 0 eng d
999 |c 438377  |d 438375 
020 |a 978-88-5491-194-9 
040 |c Pontificia Universidad Católica de Valparaíso 
082 7 |a 305.420937 PAV 2021  |2 22 
100 1 |a Pavón, Pilar  |e autora  |9 875669 
245 |a Conditio feminae.  |b Imágenes de la realidad femenina en el mundo romano. 
260 |a Roma, Italia:   |b Edizioni Quasar,   |c 2021. 
300 |a 830 páginas. 
500 |a c.1 Donación Paulo Donoso. HIS/005 02/05/2022 
583 |c 20220819  |k Catalogador Asistente 
650 |a Mujeres   |z Roma (Imperio)  |x Condiciones sociales   |9 875820 
650 |a Mujeres   |z Roma (Imperio)  |x Derechos  |9 875821 
942 |2 ddc  |c BK 
952 |0 0  |1 0  |2 ddc  |4 0  |6 305_420937000000000_PAV_2021  |7 0  |8 A  |9 586294  |a BIBHIS  |b BIBHIS  |c GEN  |d 2022-08-19  |e Donación  |i 5654237  |l 1  |o 305.420937 PAV 2021  |p 5654237  |r 2025-01-20  |s 2023-09-20  |t 1  |w 2022-08-19  |y BK  |k HIS